| 000 | 00472nam a22001817a 4500 | ||
|---|---|---|---|
| 942 | _cBK | ||
| 999 |
_c539 _d539 |
||
| 005 | 20250420134815.0 | ||
| 008 | 200804b ||||| |||| 00| 0 eng d | ||
| 020 | _a9781632401106 | ||
| 040 | _cKCST | ||
| 082 |
_a006.6 _bCo |
||
| 245 |
_aComputer graphics handbook / _cNiceto Salazar |
||
| 260 |
_aNJ: _bClanrye international; _c2015. |
||
| 300 | _a260 p. | ||
| 650 |
_aComputer graphics. _9406 |
||
| 700 |
_aSalazar, Niceto _eeditor _94867 |
||
| 942 | _2ddc | ||